Differential geometry: Connection, curvature, and characteristic classes (Record no. 314522)

MARC details
000 -LEADER
fixed length control field 00606nam a2200217 4500
005 - DATE & TIME
control field 20240528101735.0
008 - FIXED-LENGTH DATA ELEMENTS--GENERAL INFORMATION
fixed length control field 240527b |||||||| |||| 00| 0 eng d
020 ## - ISBN
International Standard Book Number 9783319855622
Price Rs. 350.00
040 ## - CATALOGING SOURCE
Original cataloging agency VIVEKANANDA LIBRARY
082 ## - DDC NUMBER
Classification number 516.36
Book Number T79D
100 ## - MAIN ENTRY--PERSONAL NAME
Personal name Tu, Loring W
245 ## - TITLE STATEMENT
Title Differential geometry: Connection, curvature, and characteristic classes
260 ## - PUBLICATION, DISTRIBUTION, ETC. (IMPRINT)
Place of publication, distribution, etc Switzerland
Name of publisher, distributor, etc Springer
Date of publication, distribution, etc 2017
300 ## - PHYSICAL DESCRIPTION
Pages xvi, 346
440 ## - Series Statement
Series Title Graduate texts in mathematics
650 ## - Subject
Subject Mathematics
650 ## - Subject
Subject Differential geometry
700 ## - Added Entry Personal Name
Added Entry Personal Name Axler, Sheldon, S, ed.
942 ## - ADDED ENTRY ELEMENTS (KOHA)
Koha item type Books
Holdings
Withdrawn status Lost status Source of classification or shelving scheme Damaged status Not for loan Location (home branch) Sublocation or collection (holding branch) Shelving location Date acquired Koha issues (times borrowed) Koha full call number Accession No. Koha date last seen Koha item type
    Dewey Decimal Classification     VIVEKANANDA LIBRARY VIVEKANANDA LIBRARY Maths Library 27/05/2024 1 516.36 T79D 314212 27/05/2024 Books
© Designed and Maintained by Vivekananda Library, MDU Rohtak